Čierny Peter e-mailových schránok
Nevyžiadaný e-mail, rozposielaný veľkému množstvu príjemcov - spam -spotrebúva prenosový priestor, zaberá diskovú kapacitu a odčerpáva respondentom čas. Proti spamu EÚ nariaďuje opt-in. Štáty sa riadia zatiaľ po svojom. Ochrana filtrom na serveroch je málo účinná.
Na minha lista:
| Autor principal: | |
|---|---|
| Formato: | Capítulo de Livro |
| Idioma: | eslovaco |
| Assuntos: | |
| Tags: |
Sem tags, seja o primeiro a adicionar uma tag!
|
MARC
| LEADER | 00000naa a2200000 4500 | ||
|---|---|---|---|
| 001 | r046263 | ||
| 005 | 20231003075938.0 | ||
| 041 | 0 | |a slo | |
| 044 | |a SK | ||
| 245 | 1 | 0 | |a Čierny Peter e-mailových schránok |c Marína Gajdošíková |
| 520 | |a Nevyžiadaný e-mail, rozposielaný veľkému množstvu príjemcov - spam -spotrebúva prenosový priestor, zaberá diskovú kapacitu a odčerpáva respondentom čas. Proti spamu EÚ nariaďuje opt-in. Štáty sa riadia zatiaľ po svojom. Ochrana filtrom na serveroch je málo účinná. | ||
| 610 | 2 | 0 | |a pošta elektronická |
| 610 | 2 | 0 | |a reklama |
| 610 | 2 | 0 | |a ochrana spotrebiteľa |
| 610 | 2 | 0 | |a spamy |
| 610 | 2 | 0 | |a internet |
| 100 | 1 | |a Gajdošíková, Marína | |